Fundamentals of criminology/ (Record no. 1882)
[ view plain ]
| 000 -LEADER | |
|---|---|
| fixed length control field | 00542nam a22001817a 4500 |
| 008 - FIXED-LENGTH DATA ELEMENTS--GENERAL INFORMATION | |
| fixed length control field | 160420b xxu||||| |||| 00| 0 eng d |
| 020 ## - INTERNATIONAL STANDARD BOOK NUMBER | |
| International Standard Book Number | 9710459230 |
| 082 ## - DEWEY DECIMAL CLASSIFICATION NUMBER | |
| Edition number | 2008 |
| Classification number | DFil 364 |
| Item number | M31f |
| 100 ## - MAIN ENTRY--PERSONAL NAME | |
| 9 (RLIN) | 6010 |
| Personal name | Manwong, Rommel K. |
| 245 ## - TITLE STATEMENT | |
| Title | Fundamentals of criminology/ |
| Statement of responsibility, etc. | Rommel K. Manwong |
| 250 ## - EDITION STATEMENT | |
| Edition statement | Third Edition |
| 260 ## - PUBLICATION, DISTRIBUTION, ETC. (IMPRINT) | |
| Place of publication, distribution, etc. | Quezon City: |
| Name of publisher, distributor, etc. | Wiseman's Books Trading, |
| Date of publication, distribution, etc. | c2008. |
| 300 ## - PHYSICAL DESCRIPTION | |
| Extent | xiv, 488 pages: |
| Other physical details | illustrations; |
| Dimensions | 22 cm. |
| 500 ## - GENERAL NOTE | |
| General note | Include references |
| 650 #0 - SUBJECT ADDED ENTRY--TOPICAL TERM | |
| 9 (RLIN) | 6013 |
| Topical term or geographic name as entry element | Crime |
| 365 ## - TRADE PRICE | |
| Price amount | 832.00 |
| Currency code | Php. |
| 942 ## - ADDED ENTRY ELEMENTS (KOHA) | |
| Source of classification or shelving scheme | Dewey Decimal Classification |
| Koha item type | Filipiniana |
| Withdrawn status | Lost status | Source of classification or shelving scheme | Damaged status | Not for loan | Collection code | Home library | Current library | Shelving location | Date acquired | Source of acquisition | Total Checkouts | Full call number | Barcode | Date last seen | Date last checked out | Copy number | Cost, replacement price | Price effective from | Koha item type |
|---|---|---|---|---|---|---|---|---|---|---|---|---|---|---|---|---|---|---|---|
| Dewey Decimal Classification | Filipiniana | UM Digos College - LIC | UM Digos College - LIC | Book Cart | 09/24/2010 | Purchased | 8 | DFil 364 M31f 2008 | 20923 | 05/15/2025 | 10/09/2019 | 2 | 832.50 | 04/20/2016 | Filipiniana | ||||
| Dewey Decimal Classification | Filipiniana | UM Digos College - LIC | UM Digos College - LIC | Book Cart | 09/18/2009 | 11 | DFil 364 M31f 2008 | 20505 | 05/15/2025 | 10/07/2019 | 1 | 08/19/2016 | Filipiniana |
